000 01016nam a2200253 u 4500
001 000002195
005 20200929150155.0
008 090701s2002 dr a r 000 0 spa d
020 _a9993490806
040 _aDO-SdBNP
_bspa
_cBNPHU
082 _a332.1098
_bL864r
100 1 _aLópez Váldez, José Manuel
_97024
245 1 3 _aLa regulación bancaria en América Latina /
_cJosé Manuel López Váldez, Francisco Jiménez Holguín.
260 _aSanto Domingo :
_bAsociación de Bancos Comerciales de la República Dominicana,
_c2002.
300 _a194 p. :
_bil. ;
_c24 cm.
500 _aIncluye biografía de los autores: p. 189-194
500 _aIncluye referencias bibliográficas y notas a pie de páginas
504 _aBibliografía : p. 173-188
590 _aInventariado, 2018/MFF
650 4 _aBancos
_zAmérica Latina
_xSupervisión estatal
_97025
650 4 _aPolítica monetaria
_zAmérica Latina
_92904
700 1 2 _aJiménez Holguín, Francisco
_97026
910 _aValidado. Control de calidad MFF
999 _c2043
_d2043